000 01447naa a22003617a 4500
001 BR8501334
003 BR-BrBNA
005 20240918175548.0
007 ta
008 230509b bl.||||| |||| 00| 0 por d
040 _aBR-BrBNA
_bpor
_cBiblioteca Nacional de Agricultura
041 _a(Pt)
072 _aF30
_b0150
_b3866
090 _aF30 BR8501334
100 1 _aBacha, R.E.
111 1 _a13. Reuniao da Cultura do Arroz Irrigado
_cCamboriu, SC (Brazil)
_d26-28 Sep 1984
245 1 _aReacao de cultivares e linhagens de arroz irrigado a toxicidez de ferro [Oryza sativa, micronutriente, genetica vegetal, variedade resistente]
246 1 _aResponse to hay toxicity by cultivars and lines of irrigated rice [Oryza sativa, micronutrient, plant genetics, resistant variety]
246 1 _a[Proceedings of the 13. Meeting on Irrigated Rice Cultivation]
260 3 _aFlorianopolis, SC (Brasil):
_c1984.
500 _aAnais da 13. Reuniao da Cultura do Arroz Irrigado Florianopolis, SC (Brasil): 1984. p. 145-155 (BR8501334-AM)F30
650 _aARROZ IRRIGADO
650 _aVARIEDADE
650 _aLINHAGEM
650 _aGENOTIPO
650 _aFERRO
650 _aABSORCAO
650 _aTOXIDEZ
650 _aVARIEDADE RESISTENTE
773 0 _tAnais da 13. Reuniao da Cultura do Arroz Irrigado
_wF30 BR8501334
_gFlorianopolis, SC (Brasil), 1984. p. 145-155
909 _a202404
_bLucia
_c55
_dLucia Elande
942 _cAM
_2AGRIS
999 _c317235
_d317235